Des principes sociologiques de la crimonologie / (Record no. 88322)

MARC details
000 -LEADER
campo de control de longitud fija 00772nam a2200217 i 4500
001 - NÚMERO DE CONTROL
campo de control 88322
003 - IDENTIFICADOR DE NÚMERO DE CONTROL
campo de control ES-MaACL
005 - FECHA Y HORA DE LA ÚLTIMA TRANSACCIÓN
campo de control 20250831132616.0
007 - CAMPO FIJO DE DESCRIPCIÓN FÍSICA--INFORMACIÓN GENERAL
campo de control de longitud fija t|
008 - DATOS DE LONGITUD FIJA--INFORMACIÓN GENERAL
campo de control de longitud fija 050104s1901 fr ||||1| fre d
100 1# - ENTRADA PRINCIPAL--NOMBRE DE PERSONA
Nombre de persona La Grasserie, Raoul de.
9 (RLIN) 69156
245 10 - MENCIÓN DEL TÍTULO
Título Des principes sociologiques de la crimonologie /
Mención de responsabilidad, etc. par Raoul de la Grasserie ; avec une préface par C. Lombroso.
260 ## - PUBLICACIÓN, DISTRIBUCIÓN, ETC.
Lugar de publicación, distribución, etc. Paris :
Nombre del editor, distribuidor, etc. [s.n.,
Fecha de publicación, distribución, etc. 1901] (
Lugar de fabricación/manufactura Duzauçais :
Fabricante Imprimerie Deverdun)
300 ## - DESCRIPCIÓN FÍSICA
Extensión VII, 442 p. ;
Dimensiones 22 cm.
490 1# - MENCIÓN DE SERIE
Mención de serie Bibliothèque sociologique internationale
650 #4 - PUNTO DE ACCESO ADICIONAL DE MATERIA--TÉRMINO DE MATERIA
Término de materia o nombre geográfico como elemento de entrada Criminología.
9 (RLIN) 135832
700 1# - ENTRADA AGREGADA--NOMBRE PERSONAL
Nombre de persona Lombroso, Cesare,
Fechas asociadas al nombre 1835-1909
9 (RLIN) 242173
830 0# - PUNTO DE ACCESO ADICIONAL DE SERIE-TÍTULO UNIFORME
Título uniforme Bibliothèque sociologique internationale
9 (RLIN) 184184
852 ## - LOCALIZACIÓN
Ubicación ES-MaACL
Número de control de estantería F-11838
Holdings
Estatus retirado Estado de pérdida Estado de daño No para préstamo Biblioteca de origen Biblioteca actual Ubicación en estantería Fecha de adquisición Fuente de adquisición Total de préstamos Signatura topográfica completa Código de barras Visto por última vez Precio de reemplazo Tipo de ítem Koha
        Biblioteca del Ateneo de Madrid Biblioteca del Ateneo de Madrid Sala Pecera Planta 2 17/01/2008     F-11838 1092262 23/02/2023 23/02/2023 Libro impreso antiguo